Pays sans littoral - Statistiques

Statistiques générales
  • Ce quiz a été pris 80 fois
  • Le résultat moyen est 39 sur 45
Réponses sur la Carte
Les réponses sont colorées sur une échelle allant du rouge au vert en fonction du pourcentage des utilisateurs qui les ont devinées à leur premier essai. Vous pouvez retrouver ces pourcentages ci-dessous.
 
Statistiques - réponses
Pays % Correct
Autriche
97%
Paraguay
97%
Slovaquie
97%
Suisse
97%
Bolivie
94%
Mongolie
94%
Niger
94%
Serbie
94%
Tchad
94%
Biélorussie
93%
Mali
93%
Hongrie
92%
Moldavie
92%
Népal
92%
République Centrafricaine
92%
Luxembourg
90%
République Tchèque
90%
Lesotho
89%
Zimbabwe
89%
Afghanistan
87%
Andorre
87%
Kazakhstan
87%
Soudan du Sud
87%
Tadjikistan
87%
Kirghizistan
86%
Macédoine du Nord
86%
Ouganda
86%
Zambie
86%
Arménie
85%
Bhoutan
85%
Burkina Faso
85%
Kosovo
85%
Liechtenstein
85%
Rwanda
83%
Vatican
83%
Ouzbékistan
82%
Turkménistan
82%
Botswana
79%
Malawi
77%
Saint-Marin
76%
Eswatini
75%
Burundi
72%
Laos
69%
Éthiopie
68%
Azerbaïdjan
65%
Aucun quiz correspondant
Distribution des résultats
% des personnes avec chaque résultat
Percentile par nombre de réponses
Votre historique - résultats
Vous n’avez pas pris ce quiz